000 007380000a22002050004500
090 _aAR
_b02580
245 1 0 _aCorales pétreos del género Solenastrea (<Scleractinia: Faviidae>) en la región de Santa Marta (<caribe colombiano>)
650 1 4 _aEcosistemas marinos
_993451
650 1 4 _aMorfometría
_993191
650 1 4 _aEndemismo
_948559
651 4 _mSanta Marta
_dMagdalena
_pColombia
_992749
653 _gSolenastrea
_eSolenastrea bournoni
653 _gSolenastrea
_eSolenastrea hyades
041 0 _aInglés
700 1 _aFlórez González, Lilián
_913060
700 1 _aAlberto Acosta, Luis
_996080
100 1 _aAcero P., Arturo
_97522
942 _cARTICULO
773 1 _tRevista de Biología Tropical
_3129
_h2A
_q175-181
_d1990
_g38
999 _c11644
_d11644